000 00643nam a2200277Ia 4500
005 20260324134634.0
008 008 260324s9999 xx 000 0 eng d
020 _a9780429153204
037 _aEBOOK
040 _aCRL
040 _beng
040 _cCRL
041 _2eng
041 _aeng
084 _qCRL
100 _aAstrid Sigel; Ivano Bertini
_91197590
245 0 _aHandbook on Metalloproteins
260 _bTaylor and Francis
260 _c2001
365 _a
365 _b880
856 _uhttp://www.taylorfrancis.com/books/9780429153204
942 _cEBOOK
999 _c1797870
_d1797870